000
00271nam a2200121Ia 4500
100
_a
Sethi/H.M
942
_c
BK
654
_a
Automotive Technology
245
_a
Automotive Technology
260
_b
Tata McGraw Hill
_a
NEW DELHI
_c
1991
300
_a
316
546
_a
ENGLISH
999
_c
19977
_d
19977